Coefficient alpha as an estimate of test reliability under violation of two assumptions (Record no. 64203)

MARC details
000 -CABECERA
campo de control de longitud fija 00758nam a2200253 a 4500
005 - FECHA Y HORA DE LA ÚLTIMA TRANSACCIÓN
campo de control 20210219152934.0
008 - ELEMENTOS DE LONGITUD FIJA--INFORMACIÓN GENERAL
campo de control de longitud fija 991125n 000 0 u
035 ## - NÚMERO DE CONTROL DEL SISTEMA
Número de control de sistema UPN01000067820
100 ## - ASIENTO PRINCIPAL--NOMBRE PERSONAL
Nombre de persona Zimmerman, Donald W.
222 ## - TÍTULO CLAVE
Título clave EDUCATIONAL AND PSYCHOLOGICAL MEASUREMENT
245 ## - MENCIÓN DE TÍTULO
Título Coefficient alpha as an estimate of test reliability under violation of two assumptions
300 ## - DESCRIPCIÓN FÍSICA
Extensión 33-49
362 ## - FECHAS DE PUBLICACIÓN Y/O DESIGNACIÓN SECUENCIAL
Fecha de publicación y/o designación secuencial 53, No. 1, 1993
505 ## - NOTA DE CONTENIDO CON FORMATO PREESTABLECIDO
Nota de contenido con formato Septiembre 1993
653 0# - TERMINO DE INDIZACION - NO CONTROLADO
Término no controlado ESTIMACION (MATEMATICAS)
653 0# - TERMINO DE INDIZACION - NO CONTROLADO
Término no controlado MARCADORES
653 0# - TERMINO DE INDIZACION - NO CONTROLADO
Término no controlado PRUEBAS DE FIABILIDAD
653 0# - TERMINO DE INDIZACION - NO CONTROLADO
Término no controlado ROBUSTNESS (STATISTICS)
653 0# - TERMINO DE INDIZACION - NO CONTROLADO
Término no controlado SIMULACION EN COMPUTADORA
700 ## - ASIENTO SECUNDARIO--NOMBRE DE PERSONAL
Nombre de persona Zumbo, Bruno D.
700 ## - ASIENTO SECUNDARIO--NOMBRE DE PERSONAL
Nombre de persona Lalonde, Coralie
904 ## - ELEMENTOS DE DATOS D LOCAL, LDD (RLIN)
a AC
b 005631
905 ## - TIPO DE MATERIAL
Tipo de material Articulo

No items available.